000 01393nam a22003857a 4500
003 CHAP
005 20220329135600.0
008 971013s1995 r 00010 d
010 _a38839
011 _a39811
035 _a43936
040 _cCHAP
090 _aTesis
100 0 0 _aPerdomo Roldán, Francisco.
_987083
245 _aControl biológico de Fusarium roseum (Lk) Snyder y Hansen hongo del suelo que ataca la raíz del clavel Dianthus caryophyllus L.
260 _aChapingo, Méx. :
_bEl autor,
_c1995
300 _a51 h.
_b: ilus.
502 _aTesis (M. C. en Protección Vegetal) -- UACH. Departamento de Parasitología Agrícola
590 _aALEPH
_b10
_c20130110
_lUCH01
_h1305
590 _aBATCH-UPD
_b10
_c20130110
_lUCH01
_h0307
590 _aBATCH-UPD
_b10
_c20130110
_lUCH01
_h2020
590 _aBATCH-UPD
_b10
_c20130409
_lUCH01
_h2338
590 _aBATCH-UPD
_b10
_c20130410
_lUCH01
_h1432
590 _aBATCH-UPD
_b10
_c20130914
_lUCH01
_h0627
590 _aCONVERSION
_b10
_c20130109
_lUCH01
_h1322
650 1 4 _aBacillus subtilis.
_99297
650 1 4 _aClavel
_xEnfermedades.
_923701
650 1 4 _aControl biológico de plagas.
_927587
650 1 4 _aFusarium roseum.
_944094
650 1 4 _aRaíces
_xEnfermedades.
_994673
901 _aBK
942 _cFOLL
949 _bBC
_cTES
_d-100567
_eTS1
_h27497
_i43936
_si
949 _bBC
_cTES
_d-100568
_eTS2
_fc.2
_h27498
_i43936
_si
999 _c38839
_d38839